Be-ruaḥ seʻarah : (Record no. 32947)

MARC details
000 -LEADER
fixed length control field 00697cam a22002171 4500
001 - CONTROL NUMBER
control field he 68000511
003 - CONTROL NUMBER IDENTIFIER
control field DLC
005 - DATE AND TIME OF LATEST TRANSACTION
control field 20260227111453.0
008 - FIXED-LENGTH DATA ELEMENTS--GENERAL INFORMATION
fixed length control field 830728s1966 is 000 0 heb
010 ## - LIBRARY OF CONGRESS CONTROL NUMBER
LC control number he 68000511
035 ## - SYSTEM CONTROL NUMBER
System control number (OCoLC)19148805
040 ## - CATALOGING SOURCE
Original cataloging agency DLC
Transcribing agency MH
Modifying agency DLC
042 ## - AUTHENTICATION CODE
Authentication code premarc
050 00 - LIBRARY OF CONGRESS CALL NUMBER
Classification number DS126.6.A7
Item number C6
100 1# - MAIN ENTRY--PERSONAL NAME
Personal name Cohen, Adir.
245 10 - TITLE STATEMENT
Title Be-ruaḥ seʻarah :
Remainder of title peraḳim me-ḥayaṿ u-mifʻalo shel Yehudah Arazi /
Statement of responsibility, etc. [neʻerakh ʻal yede Adir Kohen]
260 ## - PUBLICATION, DISTRIBUTION, ETC.
Place of publication, distribution, etc. [Tel Aviv] :
Name of publisher, distributor, etc. [Museʼon Tsahal, Bet Eliyahu-Bet ha-haganah],
Date of publication, distribution, etc. 1966.
300 ## - PHYSICAL DESCRIPTION
Extent 148 p. :
Other physical details ill., facsim., ports. ;
Dimensions 22 cm.
600 10 - SUBJECT ADDED ENTRY--PERSONAL NAME
Personal name Arazi, Yehuda,
Dates associated with a name 1907-1959.
752 ## - ADDED ENTRY--HIERARCHICAL PLACE NAME
Country or larger entity Israel
City Tel Aviv

No items available.

Powered by Koha